[Event "Treviso WE op 28th"]
[Site "Treviso"]
[Date "2004.12.08"]
[Round "5.27"]
[White "Biagioli, Marco"]
[Black "Cosma, Bruno"]
[Result "0-1"]
[WhiteElo "1434"]
[BlackElo "1558"]
[PlyCount "76"]
[EventDate "2004.12.04"]
[EventType "swiss"]
[EventCountry "ITA"]
[SourceTitle "EXT 2024"]
[Source "ChessBase"]
[SourceDate "2023.10.10"]
[SourceVersion "1"]
[SourceVersionDate "2023.10.10"]
[SourceQuality "1"]

1. e4 d6 2. Nc3 c6 3. f4 Nd7 4. Nf3 Qc7 5. g3 e5 6. d3 a6 7. Bg2 Ngf6 8. 0-0 Be7 9. Be3 Ng4 10. Qd2 Nxe3 11. Qxe3 0-0 12. f5 f6 13. h4 b5 14. Kf2 Bb7 15. Rh1 d5 16. Ne2 dxe4 17. Qxe4 c5 18. Qg4 c4 19. Rac1 Bc5+ 20. Kf1 Be3 21. Rd1 Nb6 22. h5 Bh6 23. Nh4 Bxg2+ 24. Nxg2 Rad8 25. d4 exd4 26. Nxd4 Rfe8 27. Ne6 Rxd1+ 28. Qxd1 Qxg3 29. Rg1 Qe5 30. Ngf4 Kf7 31. Qf3 Qd6 32. Qb7+ Re7 33. Qf3 Rd7 34. Rg4 Nd5 35. Nxd5 Qxd5 36. Qxd5 Rxd5 37. Rd4 Rxf5+ 38. Kg2 Kxe6 0-1

[Event "Treviso WE op 28th"]
[Site "Treviso"]
[Date "2004.12.08"]
[Round "4.21"]
[White "Roberti, Ignazio"]
[Black "Biagioli, Marco"]
[Result "1-0"]
[WhiteElo "1960"]
[BlackElo "1434"]
[PlyCount "67"]
[EventDate "2004.12.04"]
[EventType "swiss"]
[EventCountry "ITA"]
[SourceTitle "EXT 2024"]
[Source "ChessBase"]
[SourceDate "2023.10.10"]
[SourceVersion "1"]
[SourceVersionDate "2023.10.10"]
[SourceQuality "1"]

1. e4 e6 2. d4 d5 3. e5 c5 4. Nf3 Nc6 5. c3 Qb6 6. Be2 cxd4 7. cxd4 Nge7 8. Nc3 Nf5 9. Na4 Qa5+ 10. Kf1 Bd7 11. b3 b5 12. Nb2 Bb4 13. g4 Nfe7 14. Nd3 Bc3 15. Bb2 Bxb2 16. Nxb2 Rc8 17. a4 bxa4 18. Nxa4 Qc7 19. Nc5 Nb4 20. h4 h5 21. Rg1 g6 22. Qd2 Qb8 23. Ng5 hxg4 24. Rxg4 Bb5 25. Ra5 Bxe2+ 26. Qxe2 Nbc6 27. Rb5 Qa8 28. Nb7 Nf5 29. Nd6+ Nxd6 30. exd6 Rd8 31. Nxe6 Kd7 32. Nxd8 Qxd8 33. Rb7+ Kc8 34. Rc7+ 1-0

[Event "Treviso WE op 28th"]
[Site "Treviso"]
[Date "2004.12.05"]
[Round "2.15"]
[White "Biagioli, Marco"]
[Black "Omeri, Silvan"]
[Result "1/2-1/2"]
[WhiteElo "1434"]
[BlackElo "1440"]
[PlyCount "126"]
[EventDate "2004.12.04"]
[EventType "swiss"]
[EventCountry "ITA"]
[SourceTitle "EXT 2024"]
[Source "ChessBase"]
[SourceDate "2023.10.10"]
[SourceVersion "1"]
[SourceVersionDate "2023.10.10"]
[SourceQuality "1"]

1. d4 Nf6 2. Nf3 e6 3. Bg5 c5 4. e3 Nc6 5. c3 Be7 6. Be2 b6 7. Nbd2 Bb7 8. 0-0 d5 9. Qc2 h6 10. Bxf6 gxf6 11. Nb3 c4 12. Nbd2 f5 13. Ne1 Bd6 14. Nef3 Qc7 15. Rfe1 0-0-0 16. Nf1 h5 17. N3d2 h4 18. f4 f6 19. Nf3 Rdg8 20. h3 Qh7 21. Rac1 Rg7 22. Bd1 Rhg8 23. Re2 e5 24. dxe5 fxe5 25. fxe5 Bxe5 26. Rf2 Bg3 27. Nxg3 Rxg3 28. Nd4 Nxd4 29. exd4 Rxh3 30. Qxf5+ Qxf5 31. Rxf5 Rhg3 32. Rc2 h3 33. Rff2 Kc7 34. Kh1 Rh8 35. gxh3 Bc8 36. Rg2 Rgxh3+ 37. Rh2 Bf5 38. Rxh3 Rxh3+ 39. Rh2 Rg3 40. Rf2 Rg5 41. Bc2 Bxc2 42. Rxc2 b5 43. Kh2 Kb6 44. Re2 Rg8 45. Re5 Rd8 46. Kg3 Ka5 47. Kf4 Ka4 48. Re6 a5 49. Ke5 b4 50. Rd6 bxc3 51. bxc3 Ra8 52. Kxd5 Ka3 53. Kxc4 Kxa2 54. Rb6 a4 55. Kd3 a3 56. d5 Ka1 57. d6 a2 58. c4 Ra3+ 59. Kd4 Rd3+ 60. Ke5 Re3+ 61. Kf6 Re6+ 62. Kf7 Re7+ 63. Kf8 Re8+ 1/2-1/2

[Event "Treviso WE op 28th"]
[Site "Treviso"]
[Date "2004.12.05"]
[Round "3.8"]
[White "Dvirnyy, Danyyil"]
[Black "Biagioli, Marco"]
[Result "1-0"]
[WhiteElo "2087"]
[BlackElo "1434"]
[PlyCount "53"]
[EventDate "2004.12.04"]
[EventType "swiss"]
[EventCountry "ITA"]
[SourceTitle "EXT 2024"]
[Source "ChessBase"]
[SourceDate "2023.10.10"]
[SourceVersion "1"]
[SourceVersionDate "2023.10.10"]
[SourceQuality "1"]

1. e4 e6 2. d4 d5 3. e5 c5 4. c3 Nc6 5. Nf3 Qb6 6. Bd3 Bd7 7. dxc5 Bxc5 8. Qe2 Nge7 9. b4 Nxb4 10. cxb4 Bxb4+ 11. Bd2 Bxd2+ 12. Nbxd2 Qc7 13. 0-0 Ng6 14. Rfc1 Qb8 15. Bb5 Ke7 16. Bxd7 Kxd7 17. Qb5+ Ke7 18. Rab1 b6 19. Qb4+ Kd7 20. Qd4 Ke7 21. Qb4+ Kd7 22. Qg4 Rd8 23. h4 Ke7 24. h5 Nxe5 25. Qg5+ f6 26. Qxg7+ Nf7 27. Nd4 1-0